| 000 | 00715cam a22002291 4500 | ||
|---|---|---|---|
| 001 | sa 68003117 | ||
| 003 | DLC | ||
| 005 | 20260227112449.0 | ||
| 008 | 850617s1967 ii c 000 0 hinx | ||
| 010 | _asa 68003117 | ||
| 020 | _cRs3.50 | ||
| 025 | _aPL480:I-H-5290 | ||
| 035 | _a(OCoLC)13884453 | ||
| 040 |
_aDLC _cNN _dDLC |
||
| 042 | _apremarc | ||
| 050 | 0 | 0 |
_aPK2098.O5 _bM8 |
| 100 | 0 |
_aOnkarnath Dinkar, _d1912- |
|
| 245 | 1 | 0 |
_aMukti-yajña; _btyāga, balidāna evaṃ deśabhakti kī bhāvanāoṃ se otaprota aitihāsika nāṭaka. _c[Lekhaka] Oṅkāranātha Dinakara. |
| 260 |
_aBhīlavāṛā, _bPragatiśīla samācāra samiti. _c[1967] |
||
| 300 |
_a3,122 p. _bport. _c19 cm. |
||
| 500 | _aIn Hindi. | ||
| 999 |
_c79247 _d79247 |
||